00853nam a2200181 i 4500001001100000005001700011008004100028080002800069100004900097245017800146260005700324300003900381500007500420650005700495651003700552710006300589852001900652C00041126c20241029145316.0001115s1918 sp a 000 0 spa d a903(460.224 Bílbilis)1 aSentenach y Cabañas, Narciso (d1856-1925)10aExcavaciones en Bílbilis (Cerro de Bámbola-Calatayud) b: memoria de las exploraciones y excavaciones practicadas en el año 1917 / cpor Narciso Sentenach y Cabañas. aMadrid : bRevista de Arch., Bibl. y Museos, c1918. a21 p., [2] h. de lám. ; c25 cm. aMemorias de la Junta Superior de Excavaciones y Antigüedades, nº 3. 4aExcavaciones (Arqueología)-zEspaña-zCalatayud. 4aBílbilis (Calatayud, España)2 aJunta Superior de Excavaciones y Antigüedades (cMadrid)42jF-5181; F-5285